Double Lettered European Cities Map Quiz - Statistics

General Stats
  • This quiz has been taken 219 times
  • The average score is 20 of 35
Answers on the Map
Answers color-coded by a green-red scale on the quiz's map according to % correct below.
 
Answer Stats
Answer % Correct
Tallinn
87%
Brussels
86%
Marseille
83%
Valletta
83%
Vienna
79%
Liverpool
78%
Rotterdam
75%
Seville
74%
Andorra La Vella
73%
Leeds
73%
Odessa
73%
Cardiff
72%
Thessaloniki
72%
Aberdeen
69%
Stuttgart
66%
Düsseldorf
65%
Lille
62%
Essen
56%
Inverness
56%
Londonderry
56%
Aarhus
55%
Dundee
54%
Nottingham
52%
Sheffield
52%
Bonn
48%
Espoo
41%
Hull
41%
Mannheim
41%
Rennes
41%
Montpellier
38%
Valladolid
36%
Messina
34%
Saint-Étienne
26%
Wuppertal
21%
Villarreal
10%
No matching quizzes found
Score Distribution
Percent of People with Each Score
Percentile by Number Answered
Your Score History
You have not taken this quiz